OpenFoam ako nastroj pre modelovanie vplyvu vetra.

Uložené v:
Podrobná bibliografia
Hlavný autor: Kročka, David (Autor)
Ďalší autori: Macák, Marek (Vedúci práce)
Médium: Rukopis Kniha
Jazyk:Slovak
Vydavateľské údaje: 2024
Predmet:
On-line prístup:http://is.stuba.sk/zp/portal_zp.pl?podrobnosti=176294
https://opac.crzp.sk/?fn=detailBiblioForm&sid=9A7D98113A4E7D6F02A874A0EB46
Tagy: Pridať tag
Žiadne tagy, Buďte prvý, kto otaguje tento záznam!

MARC

LEADER 00000ntm a22000003a 4500
001 stuzp96453
003 SK-STU
005 20240924135640.6
007 ta
008 150427s2015----xo-----f-mn---000-0-slo-d
040 |a STU  |b slo 
041 0 |a slo 
100 1 |a Kročka, David  |u 010220  |4 aut  |U SvF Stavebná fakulta  |T SvF Katedra matematiky a deskriptívnej geometrie  |X 105593  |U V220  |Y 23  |7 105593 
242 0 1 |a OpenFoam as a tool for wind modelling  |y eng 
245 1 0 |a OpenFoam ako nastroj pre modelovanie vplyvu vetra. 
260 |c 2024 
650 4 |a OpenFOAM  |2 slo 
650 4 |a CFD  |2 slo 
650 4 |a numerické simulácie  |2 slo 
650 4 |a OpenFOAM  |2 eng 
650 4 |a CFD  |2 eng 
650 4 |a numerical simulations  |2 eng 
700 1 |a Macák, Marek  |u 010220  |k Z1  |4 ths  |U SvF Stavebná fakulta  |T SvF Katedra matematiky a deskriptívnej geometrie  |X 28298  |U V220  |Y 23  |7 A000028298 
856 4 |u http://is.stuba.sk/zp/portal_zp.pl?podrobnosti=176294 
856 4 |u https://opac.crzp.sk/?fn=detailBiblioForm&sid=9A7D98113A4E7D6F02A874A0EB46